Welcome to CU Library Online Public Access Catalogue (OPAC)

Cases and Materials on International Law (Record no. 6616)

MARC details
000 -LEADER
fixed length control field 00588nam a22002177a 4500
003 - CONTROL NUMBER IDENTIFIER
control field OSt
005 - DATE AND TIME OF LATEST TRANSACTION
control field 20250621180610.0
008 - FIXED-LENGTH DATA ELEMENTS--GENERAL INFORMATION
fixed length control field 20250621175720.0
020 ## - INTERNATIONAL STANDARD BOOK NUMBER
International Standard Book Number 9781854318800
040 ## - CATALOGING SOURCE
Transcribing agency DLC
050 ## - LIBRARY OF CONGRESS CALL NUMBER
Classification number KZ1242
Item number .5.D59 2000
100 ## - MAIN ENTRY--PERSONAL NAME
Personal name Dixon, Martin
245 ## - TITLE STATEMENT
Title Cases and Materials on International Law
250 ## - EDITION STATEMENT
Edition statement 3rd Edition
260 ## - PUBLICATION, DISTRIBUTION, ETC.
Place of publication, distribution, etc. London ;
Name of publisher, distributor, etc. Blackstone Press Ltd. ;
Date of publication, distribution, etc. c2000
300 ## - PHYSICAL DESCRIPTION
Extent xxxvi, 653 pages
490 ## - SERIES STATEMENT
Materials specified International Law
500 ## - GENERAL NOTE
General note Includes Table of Other Documents, Index, Table of Cases
700 ## - ADDED ENTRY--PERSONAL NAME
Personal name Robert McCorquodale
942 ## - ADDED ENTRY ELEMENTS (KOHA)
Source of classification or shelving scheme Library of Congress Classification
Koha item type Books
Suppress in OPAC No
Holdings
Withdrawn status Lost status Source of classification or shelving scheme Damaged status Not for loan Collection Home library Current library Shelving location Date acquired Total checkouts Full call number Barcode Date last seen Copy number Price effective from Koha item type
    Library of Congress Classification     Non-fiction Law Library (Christ Temple) Law Library (Christ Temple) Reference 06/21/2025   KZ1242.5.D59 DIX LLCT00000757 06/21/2025 1 06/21/2025 Books
© 2023-2024 Copyright: Central University Libraries. All Rights Reserved | Created by: Mahone Tech Office